000 nam a22 a 4500
999 _c149303
_d149303
003 BLK
005 20230203111859.0
008 180410b bul|||||r ||||||| ||bul||
010 _aKNG00155557000
040 _aBLK
041 _aBUL
_cBUL
080 _aЗабавна физика, трикове, фокуси, илюзионизъм, хоби (общи въпроси). Се класифица със съотношение към съответния отдел. Вж и 792.734
_b793.8
_x(497.2)
_z793.8(497.2)
080 _aРазвиване на мисълта. Подвижни упражнения - Упражняване на вниманието и способността за различаване, наблюдаване на природата, гимнастика, ритмични упражнения, ръчна работа и др.
_b372.36
_z372.36
100 1 _aЗайков, Илия
_eпърви автор
_9302135
139 _aЗайков, Илия
_bЗ 23
245 1 0 _aИграчка-плачка
_cИлия Зайков; съавт. Златка Асенова; худож. Борис Ачков.
245 1 0 _aДве петлета се скарали
_bБълг. нар. игри и играчки за деца
257 _aBGR
260 _bНар. младеж
_c1984
_fВарна : Ст. Добрев-Странджата
_aСофия
300 _a232 с.
_bс ил.
_c23 см
380 _aDN
500 _a28 000 тир. - Библиогр. с. 222-224. - Показалец на играчките и игрите.
650 4 _aДетски игри, български
_9251429
653 _aдетски игри
653 _aзалъгалки
700 1 _aАсенова, Златка
_eсъавт.
_9330419
700 1 _aАчков, Борис
_eхудож.
_9330420
852 _aЦб 267146
856 4 _qpdf
_i0.00
_ldisable
856 4 _qpdf
_i0.00
_ldisable
942 _cKNG
_n0
_06
_s1
944 _aCR
_c11.01.2014
_l11.01.2014 - от С1,Р / 11.01.2014
_kМитко_Георгиев
944 _aED
_c11.01.2014
_l11.01.2014 - от С1,Р / 11.01.2014
999 _d149303